000 00420nam a2200181Ia 4500
005 20240823045134.0
008 240823s9999||||xx |||||||||||||| ||und||
041 _aENGLISH
082 _A540 P9
100 _aAgarwal O P
245 0 _aUnified Course in Chemistry
250 _a56th
260 _c2009
_bJai Prakash Nath
500 _aTRANSFERED
650 _aChemical
_bChemistry
942 _cBK
999 _c214258
_d214258